000 nam a22 7a 4500
999 _c328747
_d328747
003 Nust
005 20170414174312.0
008 170414b xxu||||| |||| 00| 0 eng d
020 _a81-206-0867-4
040 _cDLC
082 _a915.4042
_bROE
245 _aTravels in india in the Seventeenth Century
_cThomas Roe
260 _aNew Delhi
_bAsain Educational Services
_c1993.
300 _a474p. :
_c25cm
942 _2ddc
_cBK